L'approche Lean pour la transformation digitale (notice n° 2086293)
[ vue normale ]
| 000 -LEADER | |
|---|---|
| fixed length control field | 01230cam a2200133 4500500 |
| 005 - DATE AND TIME OF LATEST TRANSACTION | |
| control field | 20260405005747.0 |
| 041 ## - LANGUAGE CODE | |
| Language code of text/sound track or separate title | fre |
| 042 ## - AUTHENTICATION CODE | |
| Authentication code | dc |
| 100 10 - MAIN ENTRY--PERSONAL NAME | |
| Personal name | Caseau, Yves |
| Relator term | author |
| 245 00 - TITLE STATEMENT | |
| Title | L'approche Lean pour la transformation digitale |
| 260 ## - PUBLICATION, DISTRIBUTION, ETC. | |
| Name of publisher, distributor, etc. | Dunod,<br/> |
| Date of publication, distribution, etc. | 2020.<br/> |
| 520 ## - SUMMARY, ETC. | |
| Summary, etc. | Dans le monde numérique, l'idée importe peu, c'est avant tout son exécution qui compte. Ce qui caractérise une entreprise innovante, c'est sa compétence logicielle, sa rapidité dans l'exécution et sa capacité à mettre en place des itérations rapides avec ses clients. Ce sont vos clients qui savent le mieux ce qui crée de la valeur pour eux : c'est pourquoi l'approche lean de la transformation digitale place le client au centre de la construction des nouveaux produits et services. Le numérique, l'intelligence artificielle et une approche DevOps nous donnent les moyens de cette "co-création" avec le client car ils permettent de formaliser, d'automatiser et d'accélérer ces itérations. C'est le sujet principal de ce livre, la boucle continue du client au code et du code au client. |
| 856 41 - ELECTRONIC LOCATION AND ACCESS | |
| Uniform Resource Identifier | <a href="https://stm.cairn.info/l-approche-lean-pour-la-transformation-digitale--9782100811823?lang=fr&redirect-ssocas=7080">https://stm.cairn.info/l-approche-lean-pour-la-transformation-digitale--9782100811823?lang=fr&redirect-ssocas=7080</a> |
Pas d'exemplaire disponible.




Réseaux sociaux